000
00212nam a2200085 4500
001
1258657
005
20260313140505.0
245
_a
BİLİM KIZ ZEKİYE BAŞIMIZA İCAT ÇIKARMA
_c
HARUN ÇOLAK
260
_b
ATLI KARINCA
999
_c
1258657
_d
1258657